Ποιήματα
Αποθηκεύτηκε σε:
| Κύριος συγγραφέας: | |
|---|---|
| Μορφή: | Βιβλίο |
| Γλώσσα: | Greek |
| Δημοσίευση: |
Σκόπελος :
Νησίδες,
2002.
|
| Θέματα: | |
| Ετικέτες: |
Προσθήκη ετικέτας
Δεν υπάρχουν, Καταχωρήστε ετικέτα πρώτοι!
|
MARC
| LEADER | 00000cam a2200000 i 4500 | ||
|---|---|---|---|
| 001 | 1/23066 | ||
| 008 | 120927s2002 gr | ||| |||| ||gre|| | ||
| 020 | |a 9608263069 | ||
| 035 | |l 10113172 | ||
| 040 | |a GR-MyUA |b gre |e AACR2 | ||
| 041 | 0 | |a gre | |
| 082 | 0 | |a 889.1 |2 (22) | |
| 100 | 1 | |a Ζήκας, Γιάννης Ν., |d 1945- | |
| 245 | 1 | 0 | |a Ποιήματα / |c Γιάννης Ζήκας. |
| 260 | |a Σκόπελος : |b Νησίδες, |c 2002. | ||
| 300 | |a 40 σ. ; |c 20 εκ. | ||
| 650 | 0 | 0 | |a Greek poetry, Modern. |
| 852 | |a INST |b SAMOS |e 20120927 |h 889.1 ΖΗΚ |p 005300033658 |q 005300033658 |t BK |y 0 | ||
| 901 | |a BIBL3-2012-2 | ||
| 909 | |a Σ |b 172439 | ||
| 970 | |a ΓΟΥΒΑΛΑ |b ΒΑΣΩ |z 2012/09/27 | ||